Study on project of Technical standard of of exploitation in III-10 coupe of colexim concession in kompong thom province, សិក្សាគំរោងបែបបទបច្ចេកទេស អាជីវកម្មព្រៃកុប III-២០ នៃព្រៃសម្បទានសហគ្រាសកូឡិចស៊ីមនៅខេត្តកំពង់ធំ (Record no. 3117)
[ view plain ]
| 000 -LEADER | |
|---|---|
| fixed length control field | 00746nam a22001577a 4500 |
| 003 - CONTROL NUMBER IDENTIFIER | |
| control field | OSt |
| 005 - DATE AND TIME OF LATEST TRANSACTION | |
| control field | 20151104142902.0 |
| 008 - FIXED-LENGTH DATA ELEMENTS--GENERAL INFORMATION | |
| fixed length control field | 151104b xxu||||| |||| 00| 0 eng d |
| 040 ## - CATALOGING SOURCE | |
| Transcribing agency | RUA |
| 082 ## - DEWEY DECIMAL CLASSIFICATION NUMBER | |
| Classification number | FOR CHE 1999 B125 Or.1 |
| 100 ## - MAIN ENTRY--PERSONAL NAME | |
| 9 (RLIN) | 3342 |
| Personal name | CHEA, SARAN. |
| 245 ## - TITLE STATEMENT | |
| Title | Study on project of Technical standard of of exploitation in III-10 coupe of colexim concession in kompong thom province, សិក្សាគំរោងបែបបទបច្ចេកទេស អាជីវកម្មព្រៃកុប III-២០ នៃព្រៃសម្បទានសហគ្រាសកូឡិចស៊ីមនៅខេត្តកំពង់ធំ |
| 260 ## - PUBLICATION, DISTRIBUTION, ETC. (IMPRINT) | |
| Place of publication, distribution, etc. | Phnom Penh |
| Name of publisher, distributor, etc. | RUA |
| Date of publication, distribution, etc. | 1999 |
| 300 ## - PHYSICAL DESCRIPTION | |
| Extent | 56p. |
| Other physical details | ill. |
| Dimensions | 29cm. |
| 942 ## - ADDED ENTRY ELEMENTS (KOHA) | |
| Source of classification or shelving scheme | |
| Koha item type | FOR |
| Price effective from | Date last seen | Permanent Location | Not for loan | Date acquired | Source of classification or shelving scheme | Koha item type | Lost status | Withdrawn status | Date last checked out | Total Checkouts | Shelving location | Damaged status | Barcode | Current Location | Full call number |
|---|---|---|---|---|---|---|---|---|---|---|---|---|---|---|---|
| 2015-11-04 | 2015-11-04 | Library Block B | 2015-11-04 | FOR | B125 | RUA027956 | Library Block B | FOR CHE 1999 B125 Or.1 | |||||||
| 2015-11-04 | 2015-11-04 | Library Block B | 2015-11-04 | FOR | B125 | RUA027884 | Library Block B | FOR CHE 1999 B125 Or.2 | |||||||
| 2015-11-04 | 2015-11-04 | Library Block B | 2015-11-04 | FOR | B125 | RUA027746 | Library Block B | FOR CHE 1999 B125 Or.3 | |||||||
| 2015-11-04 | 2016-08-16 | Library Block B | 2015-11-04 | FOR | 2016-08-02 | 2 | B125 | RUA027604 | Library Block B | FOR CHE 1999 B125 Or.5 | |||||
| 2015-11-04 | 2015-11-04 | Library Block B | 2015-11-04 | FOR | B125 | RUA027676 | Library Block B | FOR CHE 1999 B125 Or.5 |